LIBRARY & INFORMATION CENTRE, KCAET, TAVANUR

ONLINE PUBLIC ACCESS CATALOGUE (OPAC)

Normal view MARC view
  • Garg, SanthoshKumar

Entry Personal Name

Number of records used in: 1

001 - CONTROL NUMBER

  • control field: 7097

003 - CONTROL NUMBER IDENTIFIER

  • control field: OSt

005 - DATE AND TIME OF LATEST TRANSACTION

  • control field: 20250207112101.0

008 - FIXED-LENGTH DATA ELEMENTS

  • fixed length control field: 250207|| aca||aabn | a|a d

040 ## - CATALOGING SOURCE

  • Original cataloging agency: OSt
  • Transcribing agency: OSt

100 ## - HEADING--PERSONAL NAME

  • Personal name: Garg, SanthoshKumar

670 ## - SOURCE DATA FOUND

  • Source citation: Work cat.: (OSt)19328: Garg, SanthoshKumar, Environmental Engieering Vol.1
free website counter